ბათუმის შოთა რუსთაველის სახელმწიფო უნივერსიტეტის ბიბლიოთეკა

Career management (ბიბ.ჩანაწერი № 51434)

000 -LEADER
fixed length control field 00617nam a2200241Ia 4500
001 - CONTROL NUMBER
control field 18420
003 - CONTROL NUMBER IDENTIFIER
control field GE_BSU
008 - FIXED-LENGTH DATA ELEMENTS--GENERAL INFORMATION
fixed length control field 181216s||||||||xx |||||||||||||| ||und||
020 ## - INTERNATIONAL STANDARD BOOK NUMBER
International Standard Book Number 9781412978262
040 ## - CATALOGING SOURCE
Transcribing agency GE_BSU
080 ## - UNIVERSAL DECIMAL CLASSIFICATION NUMBER
Universal Decimal Classification number 658
100 ## - MAIN ENTRY--PERSONAL NAME
Personal name Greenhaus J.H., Callanan,G. A., Godshalk, V.M
245 ## - TITLE STATEMENT
Title Career management
250 ## - EDITION STATEMENT
Edition statement 4 edition
260 ## - PUBLICATION, DISTRIBUTION, ETC.
Place of publication, distribution, etc. Los Angeles
260 ## - PUBLICATION, DISTRIBUTION, ETC.
Name of publisher, distributor, etc. Sage
260 ## - PUBLICATION, DISTRIBUTION, ETC.
Date of publication, distribution, etc. 2010
300 ## - PHYSICAL DESCRIPTION
Extent 483p. 23cm.
653 ## - INDEX TERM--UNCONTROLLED
Uncontrolled term Career management
653 ## - INDEX TERM--UNCONTROLLED
Uncontrolled term კარიერა, მართვა.
653 ## - INDEX TERM--UNCONTROLLED
Uncontrolled term წარმოების მართვა
942 ## - ADDED ENTRY ELEMENTS (KOHA)
Koha item type წიგნი
ეგზემპლარები
Withdrawn status Lost status Damaged status Not for loan Date acquired Barcode Date last seen Price effective from Koha item type
        2018-12-17 47252 2018-12-17 2018-12-17 წიგნი